[Event "Beacon Juniors op"]
[Site "Exmouth"]
[Date "2008.11.21"]
[Round "5"]
[White "Pegg, Russell M"]
[Black "Everson, Robert J"]
[Result "1/2-1/2"]
[WhiteElo "1968"]
[BlackElo "1768"]
[PlyCount "72"]
[EventDate "2008.11.17"]
[EventType "swiss"]
[EventRounds "5"]
[EventCountry "ENG"]
[SourceTitle "EXT 2011"]
[Source "ChessBase"]
[SourceDate "2010.11.26"]
[SourceVersion "1"]
[SourceVersionDate "2010.11.26"]
[SourceQuality "1"]

1. d4 Nf6 2. e3 g6 3. Nf3 Bg7 4. Be2 0-0 5. c4 d6 6. 0-0 Nbd7 7. b4 c5 8. Qb3 b6 9. Bb2 cxb4 10. Qxb4 Ne4 11. Nfd2 Nxd2 12. Nxd2 Ba6 13. Bf3 Rb8 14. Qa3 Qc8 15. Rac1 Bb7 16. Qb4 Bxf3 17. Nxf3 Qb7 18. a4 Qe4 19. Bc3 Rbc8 20. Qb5 Rc7 21. a5 Rfc8 22. Bb4 Qb7 23. Nd2 a6 24. Qa4 b5 25. Qb3 bxc4 26. Rxc4 Rxc4 27. Nxc4 Nc5 28. Qa3 Ne4 29. Nb6 Rc2 30. Qa4 Rc7 31. f3 Nf6 32. Bd2 h5 33. Qa2 e6 34. Rb1 Qc6 35. Rc1 Qb7 36. Rb1 Qc6 1/2-1/2

[Event "Beacon Juniors op"]
[Site "Exmouth"]
[Date "2008.11.18"]
[Round "2"]
[White "Bartlett, Simon"]
[Black "Everson, Robert J"]
[Result "1-0"]
[WhiteElo "1816"]
[BlackElo "1768"]
[PlyCount "72"]
[EventDate "2008.11.17"]
[EventType "swiss"]
[EventRounds "5"]
[EventCountry "ENG"]
[SourceTitle "EXT 2011"]
[Source "ChessBase"]
[SourceDate "2010.11.26"]
[SourceVersion "1"]
[SourceVersionDate "2010.11.26"]
[SourceQuality "1"]

1. e4 d6 2. d4 Nf6 3. Nc3 g6 4. f4 c5 5. e5 dxe5 6. fxe5 Nd5 7. Bc4 Nxc3 8. bxc3 Bg7 9. Nf3 0-0 10. 0-0 Bg4 11. Be3 Nc6 12. Qd2 Bxf3 13. Rxf3 cxd4 14. cxd4 Rc8 15. Bb3 e6 16. c3 Ne7 17. Bg5 Qd7 18. Bf6 h5 19. h3 Kh7 20. g4 Bh6 21. Bg5 Bg7 22. Raf1 Kg8 23. Bc2 Rc7 24. Bh6 Qe8 25. Qg5 Kh7 26. Bxg7 Kxg7 27. Bxg6 Nxg6 28. gxh5 Qe7 29. Rf6 Qe8 30. hxg6 fxg6 31. Rxf8 Qxf8 32. Rxf8 Kxf8 33. Qf6+ Kg8 34. Qxe6+ Kh7 35. Qb3 Kh6 36. e6 Re7 1-0

[Event "Beacon Juniors op"]
[Site "Exmouth"]
[Date "2008.11.17"]
[Round "1"]
[White "Everson, Robert J"]
[Black "Roberts, Malcolm A"]
[Result "1-0"]
[WhiteElo "1768"]
[BlackElo "1616"]
[PlyCount "113"]
[EventDate "2008.11.17"]
[EventType "swiss"]
[EventRounds "5"]
[EventCountry "ENG"]
[SourceTitle "EXT 2011"]
[Source "ChessBase"]
[SourceDate "2010.11.26"]
[SourceVersion "1"]
[SourceVersionDate "2010.11.26"]
[SourceQuality "1"]

1. d4 d5 2. Nf3 Nf6 3. g3 e6 4. Bg2 c5 5. 0-0 Nc6 6. e3 Be7 7. c4 0-0 8. cxd5 exd5 9. dxc5 Bxc5 10. Nc3 h6 11. a3 Bg4 12. b4 Bb6 13. Na4 Bc7 14. Qb3 Be6 15. Nc5 b6 16. Nxe6 fxe6 17. Bb2 Qe7 18. Rac1 Nd8 19. Rc2 Bd6 20. Nh4 Qf7 21. Rd1 Nb7 22. Nf5 Rac8 23. Nd4 Rxc2 24. Qxc2 Re8 25. Qc6 Ng4 26. Rf1 Ne5 27. Qc3 Nc4 28. Ba1 Be5 29. Qd3 Nbd6 30. Bh3 Kh8 31. a4 Qf6 32. f4 Bxd4 33. Bxd4 Qe7 34. Bc3 Ne4 35. Bg2 Nxc3 36. Qxc3 Qf6 37. Rc1 Qxc3 38. Rxc3 Kg8 39. e4 Rd8 40. exd5 exd5 41. Bxd5+ Rxd5 42. Rxc4 Rd1+ 43. Kg2 Ra1 44. b5 Kh7 45. Kf3 h5 46. Ke4 Ra2 47. h4 Ra3 48. Kf5 Rxg3 49. Rc7 Rg4 50. Rxa7 Rxh4 51. Rb7 Rh2 52. Rxb6 Ra2 53. Ra6 Ra3 54. Kg5 Rf3 55. b6 Rb3 56. Kxh5 Rb4 57. Kg5 1-0

[Event "Yeovil op"]
[Site "Yeovil"]
[Date "2008.06.15"]
[Round "4"]
[White "Waterfield, John"]
[Black "Everson, Robert J"]
[Result "1-0"]
[WhiteElo "2023"]
[BlackElo "1872"]
[PlyCount "103"]
[EventDate "2008.06.13"]
[EventType "swiss"]
[EventRounds "5"]
[EventCountry "ENG"]
[SourceTitle "CBM 125 Extra"]
[Source "ChessBase"]
[SourceDate "2008.09.01"]
[SourceVersion "1"]
[SourceVersionDate "2008.09.01"]
[SourceQuality "1"]

1. e4 c5 2. c3 Nf6 3. e5 Nd5 4. Bc4 Nb6 5. Bb3 e6 6. Nf3 d5 7. exd6 Bxd6 8. d4 Bd7 9. Qd3 Be7 10. dxc5 Bxc5 11. 0-0 Nc6 12. Bf4 Ne7 13. Nbd2 Bc6 14. Qe2 Nbd5 15. Be5 Bd6 16. Ne4 Bxe5 17. Nxe5 0-0 18. Nxc6 Nxc6 19. Rad1 Qa5 20. c4 Nf4 21. Qf3 Ng6 22. c5 Nce5 23. Qh5 Qb4 24. Ng5 Qh4 25. Qxh4 Nxh4 26. f4 Nc6 27. Rd7 Nd8 28. Rfd1 Re8 29. Rc7 h6 30. Ne4 Kf8 31. Rdd7 Ng6 32. Nd6 Re7 33. Rxe7 Nxe7 34. Nxb7 Ndc6 35. a3 Rb8 36. Ba4 Nd4 37. Rd7 Ndc6 38. Bxc6 Nxc6 39. Rc7 Ne7 40. Nd6 a5 41. Rb7 Ra8 42. b4 axb4 43. axb4 f6 44. b5 Nd5 45. b6 Ra2 46. Rf7+ Kg8 47. Ra7 Rb2 48. b7 Kh7 49. Ra8 Ne3 50. b8Q Rxg2+ 51. Kh1 Rf2 52. Qb1+ 1-0

[Event "Yeovil op"]
[Site "Yeovil"]
[Date "2008.06.14"]
[Round "3"]
[White "Everson, Robert J"]
[Black "Soni, Sharan"]
[Result "1/2-1/2"]
[WhiteElo "1872"]
[BlackElo "1760"]
[PlyCount "81"]
[EventDate "2008.06.13"]
[EventType "swiss"]
[EventRounds "5"]
[EventCountry "ENG"]
[SourceTitle "CBM 125 Extra"]
[Source "ChessBase"]
[SourceDate "2008.09.01"]
[SourceVersion "1"]
[SourceVersionDate "2008.09.01"]
[SourceQuality "1"]

1. d4 d5 2. Nf3 Bf5 3. c4 e6 4. Qb3 b6 5. g3 Nf6 6. Bg2 c6 7. Nc3 Be7 8. 0-0 0-0 9. Ne5 Nfd7 10. e4 dxe4 11. Nxe4 Nxe5 12. dxe5 Qc7 13. Bf4 Nd7 14. Qc3 Nc5 15. Nd6 Bg6 16. Rad1 Rad8 17. Rfe1 Nb7 18. Qa3 a5 19. Rd2 Rd7 20. Red1 Rfd8 21. h3 f6 22. Qa4 fxe5 23. Nxb7 Rxd2 24. Bxd2 Qxb7 25. Bxc6 Qc7 26. Bf3 Bc5 27. Bc3 e4 28. Bg4 Bf5 29. Re1 e3 30. f4 Qb7 31. Bxf5 exf5 32. Qc2 Qf3 33. Qg2 Qf2+ 34. Kh2 Kf7 35. Re2 Qxg2+ 36. Kxg2 g6 37. Kf3 Ke6 38. a3 Rd3 39. g4 h6 40. Be5 Rd1 41. Kg2 1/2-1/2

[Event "Beacon Seniors op 50+"]
[Site "Exmouth"]
[Date "2005.11.18"]
[Round "5"]
[White "Hutchings, Philip J"]
[Black "Everson, Robert J"]
[Result "0-1"]
[WhiteElo "1792"]
[BlackElo "1784"]
[PlyCount "98"]
[EventDate "2005.11.14"]
[EventType "swiss"]
[EventRounds "5"]
[EventCountry "ENG"]
[SourceTitle "EXT 2007"]
[Source "ChessBase"]
[SourceDate "2006.11.23"]
[SourceVersion "1"]
[SourceVersionDate "2006.11.23"]
[SourceQuality "1"]

1. e4 c5 2. Nf3 d6 3. Bb5+ Bd7 4. Bxd7+ Qxd7 5. c4 Nc6 6. d4 cxd4 7. Nxd4 Nf6 8. Nc3 g6 9. 0-0 Bg7 10. f3 Nxe4 11. Ncb5 Nf6 12. Be3 Nxd4 13. Bxd4 b6 14. Qe2 0-0 15. Rad1 Rfe8 16. Rfe1 Qc6 17. Bc3 a6 18. Nd4 Qc5 19. Kf1 Rac8 20. b3 d5 21. Nc2 dxc4 22. Bd4 Qc7 23. Be5 Qc6 24. Nd4 Qc5 25. Rc1 b5 26. bxc4 bxc4 27. Nb3 Qa3 28. Rxc4 Rxc4 29. Qxc4 e6 30. Qd4 Nh5 31. g4 Bxe5 32. Qxe5 Ng7 33. Qe2 e5 34. Qc2 Qa4 35. Re4 Qb5+ 36. Kg2 Ne6 37. a4 Qd5 38. Kg3 Rd8 39. Re3 Qd6 40. Kg2 Nf4+ 41. Kg3 Nd5 42. Re4 f5 43. Re1 e4+ 44. Kg2 exf3+ 45. Kg1 fxg4 46. Rd1 Qb6+ 47. Kh1 Ne3 48. Rxd8+ Qxd8 49. Qc1 f2 0-1

[Event "Beacon Seniors op 50+"]
[Site "Exmouth"]
[Date "2005.11.15"]
[Round "2"]
[White "Everson, Robert J"]
[Black "Wood, David C"]
[Result "1/2-1/2"]
[WhiteElo "1784"]
[BlackElo "1768"]
[PlyCount "80"]
[EventDate "2005.11.14"]
[EventType "swiss"]
[EventRounds "5"]
[EventCountry "ENG"]
[SourceTitle "EXT 2007"]
[Source "ChessBase"]
[SourceDate "2006.11.23"]
[SourceVersion "1"]
[SourceVersionDate "2006.11.23"]
[SourceQuality "1"]

1. d4 Nf6 2. c4 d6 3. Nc3 e5 4. e4 exd4 5. Qxd4 Nc6 6. Qe3 h6 7. Be2 Bg4 8. Nf3 Be7 9. 0-0 Bxf3 10. Bxf3 Ne5 11. Qe2 g5 12. h3 Qd7 13. Nd5 Nxd5 14. cxd5 0-0 15. Bd2 f5 16. Bh5 Rf6 17. Bc3 f4 18. Bxe5 dxe5 19. Bg4 Qe8 20. Rac1 Bd6 21. Rc3 a5 22. h4 Qf8 23. hxg5 hxg5 24. Be6+ Kh7 25. Qg4 Qg7 26. Rd1 Rh6 27. Rdd3 Rh8 28. Rh3 Rh4 29. Rxh4+ gxh4 30. Qxh4+ Kg6 31. Qg4+ Kf6 32. Qf5+ Ke7 33. Rh3 Rxh3 34. Qxh3 Kd8 35. Qh5 b6 36. Qf7 Qxf7 37. Bxf7 Ke7 38. Bg6 Kf6 39. Be8 Bc5 40. Kf1 Kg5 1/2-1/2